| 000 | 00000nam##2200000za#4500 |
| 001 | 9.697322 |
| 003 | CaOODSP |
| 005 | 20210624235429 |
| 007 | cr ||||||||||| |
| 008 | 150407|2013||||xxc|||||o f|0| 0 eng|d |
| 020 | |a978-1-100-21817-5 |
| 040 | |aCaOODSP|beng |
| 043 | |an-cn--- |
| 086 | 1 |aH34-230/2-2013E-PDF |
| 110 | 1 |aCanada. |bHealth Canada. |
| 245 | 10|aYour health benefits : |h[electronic resource]|ba guide for Inuit to access non-insured health benefits / |cdeveloped jointly by Health Canada and the Inuit Tapiriit Kanatami (ITK). |
| 260 | |aOttawa - Ontario : |bHealth Canada |cMarch 2014. |
| 300 | |a44p. |
| 590 | |a15-11|b2015-03-13 |
| 690 | 07|aHealth care|2gcpds |
| 690 | 07|aInuit|2gcpds |
| 775 | 08|tVos services de santé : |w(CaOODSP)9.641382 |
| 776 | 0#|tYour health benefits : |w(CaOODSP)9.652655 |
| 856 | 40|ahttp://publications.gc.ca|qPDF|s1357 KB|uhttps://publications.gc.ca/collections/collection_2015/sc-hc/H34-230-2-2013-eng.pdf |
| 986 | |aPub.: 120158 |